Library of the University of Algiers 3
Ibrahim Sultan Cheibout
شعار جامعة الجزائر 3
مكتبة جامعة الجزائر 3
إبراهيم سلطان شيبوط

محاسبة و إدارة الأموال العامة : (رقم التسجيلة. 43850)

تفاصيل مارك
000 -LEADER
fixed length control field 01732nam a2200229Ia 4500
003 - CONTROL NUMBER IDENTIFIER
control field Ost
005 - DATE AND TIME OF LATEST TRANSACTION
control field 20260507075310.0
008 - FIXED-LENGTH DATA ELEMENTS--GENERAL INFORMATION
fixed length control field 260507s9999||||xx |||||||||||||| ||und||
040 ## - CATALOGING SOURCE
Transcribing agency fsecg
041 ## - LANGUAGE CODE
Language code of text/sound track or separate title ara
082 ## - DEWEY DECIMAL CLASSIFICATION NUMBER
Classification number 330
100 ## - MAIN ENTRY--PERSONAL NAME
Personal name الصائغ، حنا رزوقي
Relator term مؤلف
245 #0 - TITLE STATEMENT
Title محاسبة و إدارة الأموال العامة :
Remainder of title المحاسبة الحكومية /
Statement of responsibility, etc. حنا رزوقي الصائغ
260 ## - PUBLICATION, DISTRIBUTION, ETC.
Place of publication, distribution, etc. طرابلس:
Name of publisher, distributor, etc. الجامعة المفتوحة,
Date of publication, distribution, etc. 1998
300 ## - PHYSICAL DESCRIPTION
Extent 521 صفحة؛
Dimensions 24 سم
520 ## - SUMMARY, ETC.
Summary, etc. استعراض للتطور التاريخي لنظم محاسبة الأموال العامة و الدراسات العربية و الدولية الخاصة بها ، محاسبة الاموال العامةأي المحاسبة الحكومية و علاقتها بالمحاسبة التجارية ، النظرية العامة للمحاسبة الحكومية و مقومات تطبيقها و الاسس المحاسبية و تطبيقاتها في محاسبة الاموال العامة، محاسبة الموجودات الثابتة أي الاصول الثابتة و محاسبة الاستهلاكات و الهيكل التنظيمي و الدورة المحاسبية و أقفال الحسابات في النظام المحاسبي الحكومي و أخيرا الخطوط العريضة لبرنامج تطوير النظام المحاسبي الحكومي و الادارة المالية العامة في الاقطار العربية .
653 ## - INDEX TERM--UNCONTROLLED
Uncontrolled term الأموال ــ ادارة
653 ## - INDEX TERM--UNCONTROLLED
Uncontrolled term المحاسبة
653 ## - INDEX TERM--UNCONTROLLED
Uncontrolled term المحاسبة الحكومية
653 ## - INDEX TERM--UNCONTROLLED
Uncontrolled term تدقيق الحسابات الحكومية
942 ## - ADDED ENTRY ELEMENTS (KOHA)
Koha item type كتب
المقتنيات
Withdrawn status Lost status Source of classification or shelving scheme Damaged status Not for loan Home library Current library Date acquired Serial enumeration / chronology Inventory number Total checkouts Full call number Barcode Date last seen Price effective from Koha item type
    Dewey Decimal Classification   NOT LOAN / إعارة داخلية مكتبة كلية العلوم الإقتصادية والعلوم التجارية وعلوم التسيير مكتبة كلية العلوم الإقتصادية والعلوم التجارية وعلوم التسيير 07/05/2026 الطابق الأرضي 2011/1386   أ/3823ن1 2011/1386 07/05/2026 07/05/2026 كتب
    Dewey Decimal Classification   Available مكتبة كلية العلوم الإقتصادية والعلوم التجارية وعلوم التسيير مكتبة كلية العلوم الإقتصادية والعلوم التجارية وعلوم التسيير 07/05/2026 الطابق الأرضي 2011/1387   أ/3823ن2 2011/1387 07/05/2026 07/05/2026 كتب
    Dewey Decimal Classification   Available مكتبة كلية العلوم الإقتصادية والعلوم التجارية وعلوم التسيير مكتبة كلية العلوم الإقتصادية والعلوم التجارية وعلوم التسيير 07/05/2026 الطابق الأرضي 2011/1388   أ/3823ن3 2011/1388 07/05/2026 07/05/2026 كتب

موارد الويب المفتوحة


© University of Algiers 3 All Rights Reserved
|
Implemented by LECHELAH Riad